Global tectonics / (Record no. 524403)

000 -LEADER
fixed length control field 01335cam a2200337 a 4500
001 - CONTROL NUMBER
control field 4454152
003 - CONTROL NUMBER IDENTIFIER
control field NUST
005 - DATE AND TIME OF LATEST TRANSACTION
control field 20190620113600.0
008 - FIXED-LENGTH DATA ELEMENTS--GENERAL INFORMATION
fixed length control field 951204s1996 maua b 001 0 eng
010 ## - LIBRARY OF CONGRESS CONTROL NUMBER
LC control number 95049623
020 ## - INTERNATIONAL STANDARD BOOK NUMBER
International Standard Book Number 0865429243
038 ## - RECORD CONTENT LICENSOR
Staff Name ASAB
040 ## - CATALOGING SOURCE
Original cataloging agency DLC
Transcribing agency DLC
Modifying agency DLC
050 00 - LIBRARY OF CONGRESS CALL NUMBER
Classification number QE511.4
Item number .K43 1996
082 00 - DEWEY DECIMAL CLASSIFICATION NUMBER
Classification number 551.1/36
Edition number 20
100 1# - MAIN ENTRY--PERSONAL NAME
Personal name Kearey, P.
9 (RLIN) 15225
245 10 - TITLE STATEMENT
Title Global tectonics /
Statement of responsibility, etc. Philip Kearey, Frederick J. Vine.
250 ## - EDITION STATEMENT
Edition statement 2nd ed.
Remainder of edition statement Photocopy
260 ## - PUBLICATION, DISTRIBUTION, ETC.
Place of publication, distribution, etc. Boston :
Name of publisher, distributor, etc. Blackwell Science,
Date of publication, distribution, etc. c1996.
300 ## - PHYSICAL DESCRIPTION
Extent x, 333 p. :
Other physical details ill. ;
Dimensions 25 cm.
504 ## - BIBLIOGRAPHY, ETC. NOTE
Bibliography, etc. note Includes bibliographical references (p. 303-322) and index.
650 #0 - SUBJECT ADDED ENTRY--TOPICAL TERM
Topical term or geographic name entry element Plate tectonics
Form subdivision Textbooks.
9 (RLIN) 15226
700 1# - ADDED ENTRY--PERSONAL NAME
Personal name Vine, F. J.
9 (RLIN) 15227
856 41 - ELECTRONIC LOCATION AND ACCESS
Materials specified Table of contents only
Uniform Resource Identifier <a href="http://www.loc.gov/catdir/enhancements/fy0802/95049623-t.html">http://www.loc.gov/catdir/enhancements/fy0802/95049623-t.html</a>
856 42 - ELECTRONIC LOCATION AND ACCESS
Materials specified Publisher description
Uniform Resource Identifier <a href="http://www.loc.gov/catdir/enhancements/fy0802/95049623-d.html">http://www.loc.gov/catdir/enhancements/fy0802/95049623-d.html</a>
856 42 - ELECTRONIC LOCATION AND ACCESS
Materials specified Contributor biographical information
Uniform Resource Identifier <a href="http://www.loc.gov/catdir/enhancements/fy0802/95049623-b.html">http://www.loc.gov/catdir/enhancements/fy0802/95049623-b.html</a>
906 ## - LOCAL DATA ELEMENT F, LDF (RLIN)
a 7
b cbc
c orignew
d 1
e ocip
f 19
g y-gencatlg
942 ## - ADDED ENTRY ELEMENTS (KOHA)
Source of classification or shelving scheme
Koha item type Book
Holdings
Withdrawn status Lost status Source of classification or shelving scheme Damaged status Not for loan Permanent Location Current Location Date acquired Total Checkouts Full call number Barcode Date last seen Price effective from Koha item type
          Atta-ur-Rahman School of Applied Biosciences (ASAB) Atta-ur-Rahman School of Applied Biosciences (ASAB) 06/20/2019   551.13 KEA ASAB402 06/20/2019 06/20/2019 Book
          Atta-ur-Rahman School of Applied Biosciences (ASAB) Atta-ur-Rahman School of Applied Biosciences (ASAB) 06/20/2019   551.13 KEA ASAB403 06/20/2019 06/20/2019 Book
© 2023 Central Library, National University of Sciences and Technology. All Rights Reserved.